Scelta di lettere familiari degli autori più celebri con note ed accenti che indicano la pronunzia già compilata da Leonardo Nardini per uso delle scuole d'Italia. 8. ed. riveduta dall'autore

Gespeichert in:
Bibliographische Detailangaben
Format: Buch
Sprache:Italienisch
Erschienen: Milano Silvestri 1823
Katalog:EDISCO:  Suchergebnis im Bibliothekskatalog
Schulbuchspezifische Eigenschaften:
Tags: Tag hinzufügen
Keine Tags, Fügen Sie den ersten Tag hinzu!
Hinzugefügt zu:30.04.2016
Geändert in:18.10.2017

MARC

LEADER 00000aam a22000007 4500
001 05358
003 OSt
005 20171018094527.0
008 160501s1823 it 000 0 ita
040 |c Gianfranco Bandini - Firenze - CLIO 
041 1 |a ita 
245 0 0 |a Scelta di lettere familiari degli autori più celebri con note ed accenti che indicano la pronunzia già compilata da Leonardo Nardini per uso delle scuole d'Italia. 8. ed. riveduta dall'autore 
260 |a Milano  |b Silvestri  |c 1823 
300 |a 294, 1/x ;  
901 |a 7 
942 |2 ddc  |c BK 
546 |a ita 
999 |c 5347  |d 5347 
999 |c edisco:5347  |d 5347